KOHA-Header-6

Psychology (Record no. 12225)

000 -LEADER
fixed length control field 00227nam a22001097a 4500
008 - FIXED-LENGTH DATA ELEMENTS--GENERAL INFORMATION
fixed length control field 191126b ||||| |||| 00| 0 eng d
082 ## -
Classification number 150
100 ## - MAIN ENTRY--PERSONAL NAME
Personal name Braj Kumar
245 ## - TITLE STATEMENT
Title Psychology
250 ## - EDITION STATEMENT
Edition statement 2nd ed.
260 ## - PUBLICATION, DISTRIBUTION, ETC. (IMPRINT)
Date of publication, distribution, etc 2016
Holdings
Withdrawn status Lost status Source of classification or shelving scheme Damaged status Koha normalized classification for sorting Not for loan Koha collection Location (home branch) Sublocation or collection (holding branch) Shelving location Date acquired Koha issues (times borrowed) Koha full call number Piece designation (barcode) Koha out on loan Koha date last seen Koha date last borrowed Price effective from Koha item type
        150_000000000000000   Psychology MAJU MAJU Shelf No.A35 2019-11-26 4 150 7939 2026-03-11 2025-09-12 2025-09-12 2019-11-26 Psychology

Powered by Koha